Guide to electronic publishing : opportunities in online and viewdata services /

Bibliographic Details
Main Author: Spigai, Frances G.
Other Authors: Sommer, Peter
Format: Book
Language:English
Published: White Plains, N.Y. : Knowledge Industry Publications, [1982]
Series:Publishing technology and management reports.
Subjects:

MARC

Tag First Indicator Second Indicator Subfields
LEADER 00000pam a2200000 a 4500
001 in00000098622
005 20150924085901.0
008 811201s1982 nyua b 00110 eng
010 |a  81020787  
020 |a 0914236873 (pbk.) :  |c $95.00 
035 |a (OCoLC)08034431 
035 |9 AAK9729AM 
039 0 |a 2  |b 3  |c 3  |d 3  |e 3 
040 |a DLC  |c DLC  |d TXA  |d UtOrBLW 
049 |a TXAM  |c [1562190] 
050 0 0 |a Z249.3  |b  S67 
082 0 |a 070.5/028/54404  |2 19 
100 1 |a Spigai, Frances G. 
245 1 0 |a Guide to electronic publishing :  |b opportunities in online and viewdata services /  |c by Fran Spigai and Peter Sommer. 
264 1 |a White Plains, N.Y. :  |b Knowledge Industry Publications,  |c [1982] 
264 4 |c ©1982 
300 |a iv, 163 pages :  |b illustrations ;  |c 28 cm. 
336 |a text  |b txt  |2 rdacontent 
337 |a unmediated  |b n  |2 rdamedia 
338 |a volume  |b nc  |2 rdacarrier 
490 1 |a Publishing technology and management reports 
500 |a Includes index. 
504 |a Bibliographhy: pages 158-160. 
650 0 |a Electronics in printing. 
650 0 |a Publishers and publishing  |x Data processing. 
650 0 |a Videotex systems. 
650 0 |a Online data processing. 
700 1 |a Sommer, Peter. 
830 0 |a Publishing technology and management reports. 
999 |a MARS 
999 f f |s 7e8b9084-7824-3b7f-9d74-893efd764c47  |i 86ba248f-2fe3-3a31-ae89-4120bb8291e2  |t 0 
952 f f |p ric  |a Texas A&M University  |b Rellis Campus  |c Joint Library Facility  |d Remote Storage  |t 0  |e Z249.3 S67  |h Library of Congress classification  |i unmediated -- volume  |m A14806030351 
998 f f |a Z249.3 S67  |t 0  |l Remote Storage